00591nam a22001937a 450000500170000001000150001702000260003203500140005803700090007208200150008110000220009624500990011825000060021726000500022327000580027330000250033149000100035670000310036620240904162021.0 aENG-141643 a9789381542248c350.00 aEN-125175 bDBAD a616.46221 aShuik, Fuhimuddin aMedical Imaging i Diabetes:bA Technical Approach/cBy Fuhimuddin Shuik [and] M.N. Giri Prasad a1 aGoa bCinnamonteal Print and Publishingc2011 aPlot No. 16 Gogol, HOusing Board ColonybGoa e403601 a76p.c22cm(hb)bill. vVol 1 aPrasad, M.N. Giri eAuthor